Tareas para el entrenamiento técnico-táctico en fútbol base:materiales adecuados para la formación de técnicos deportivos en fútbol/Iván Rafael Díaz Infantes, Antonio Sergio Piernas Cárdenas (Registro nro. 19315)
[ vista simple ]
| 000 -LEADER | |
|---|---|
| fixed length control field | 00642nam a22001811a 4500 |
| 001 - CONTROL NUMBER | |
| control field | 19315 |
| 003 - CONTROL NUMBER IDENTIFIER | |
| control field | OSt |
| 005 - DATE AND TIME OF LATEST TRANSACTION | |
| control field | 20260204212448.0 |
| 008 - FIXED-LENGTH DATA ELEMENTS--GENERAL INFORMATION | |
| fixed length control field | 190426s2016||||spa||||||b||||||||||spa|| |
| 020 ## - NUMERO DE LIBRO INTERNACIONAL NORMALIZADO | |
| International Standard Book Number | 9788497293648 |
| 082 ## - DEWEY DECIMAL CLASSIFICATION NUMBER | |
| Classification number | 796.332 077 D542t |
| 100 ## - ASIENTO PRINCIPAL -- NOMBRE PERSONAL | |
| Personal name | Díaz Infantes, Iván Rafael |
| 245 ## - TÍTULO PROPIAMENTE DICHO: SUBTÍTULO | |
| Title | Tareas para el entrenamiento técnico-táctico en fútbol base:materiales adecuados para la formación de técnicos deportivos en fútbol/Iván Rafael Díaz Infantes, Antonio Sergio Piernas Cárdenas |
| 264 ## - PRODUCTION, PUBLICATION, DISTRIBUTION, MANUFACTURE, AND COPYRIGHT NOTICE | |
| Place of production, publication, distribution, manufacture | Barcelona, España:INDE |
| 300 ## - PHYSICAL DESCRIPTION | |
| Extensión | 141 Páginas |
| 650 ## - ASIENTO SECUNDARIO DE MATERIA -- TERMINO TEMÁTICO | |
| Termino Temático Como Elemento de Entrada | Deporte 2.Fútbol 3.EntrenamientoÌ |
| 942 ## - ADDED ENTRY ELEMENTS (KOHA) | |
| Source of classification or shelving scheme | Dewey Decimal Classification |
| Koha item type | Libros |
| Withdrawn status | Lost status | Source of classification or shelving scheme | Damaged status | Not for loan | Current library | Date acquired | Total Checkouts | Full call number | Barcode | Date last seen | Price effective from | Koha item type |
|---|---|---|---|---|---|---|---|---|---|---|---|---|
| Dewey Decimal Classification | Biblioteca UTECO | 09/09/2019 | 796.332 077 D542T | 019120 | 09/09/2019 | 09/09/2019 | Libros | |||||
| Dewey Decimal Classification | Biblioteca UTECO | 09/09/2019 | 796.332 077 D542T | 019121 | 09/09/2019 | 09/09/2019 | Libros |
